| 000 | 00535nam a2200181 4500 | ||
|---|---|---|---|
| 005 | 20250901165419.0 | ||
| 008 | 730328s1973 ilua b 001 0 eng | ||
| 010 | _a 72090775 | ||
| 020 | _a025601423X | ||
| 050 | 0 | 0 |
_aHF5667 .M43 1973 _b.M43 1973 |
| 082 | 0 | 0 | _a657/.45 |
| 100 | 1 | _aMeigs, Walter B. | |
| 245 | 1 | 0 |
_aPrinciples of auditing _c[by] Walter B. Meigs, E. John Larsen [and] Robert F. Meigs. |
| 250 | _a5th ed. | ||
| 260 |
_aHomewood, Ill., _bR. D. Irwin, _c1973. |
||
| 300 |
_axviii, 777 p. _billus. _c24 cm. |
||
| 942 | _2ddc | ||
| 999 |
_c3590 _d3590 |
||